00733cam a22002297i 4500001000500000005001700005020002700022020002700049020001800076040003500094050001300129082001000142100004000152245004600192300004600238505000600284520015500290521001800445521001800463650001200481650001000493179620231211152536.0 a9780593377642q(board) z9780593381168q(ebook) a9781526361004 aDLCbengerdacDLCdDLCdFISKH00aQ141.I33 a509.21 aIgnotofsky, Rachel,d1989-eauthor.10aWomen in science /cby Rachel Ignotofsky. a127 pages :bcolor illustrations ;c20 cm aU a"Inspire budding scientists with this new edition of the New York Times bestseller, created especially for younger readers!"--cProvided by publisher. a990 bLexile aU bRaz-Plus 2Science 2Women